<?xml version="1.0" encoding="UTF-8"?>
<record
    xmlns:xsi="http://www.w3.org/2001/XMLSchema-instance"
    xsi:schemaLocation="http://www.loc.gov/MARC21/slim http://www.loc.gov/standards/marcxml/schema/MARC21slim.xsd"
    xmlns="http://www.loc.gov/MARC21/slim">

  <leader>01657    a2200205   4500</leader>
  <controlfield tag="001">53638</controlfield>
  <controlfield tag="005">20260407155809.0</controlfield>
  <controlfield tag="008">260407a1988    arg                 spa d</controlfield>
  <controlfield tag="003">AR-UNSa-BCEJYS</controlfield>
  <datafield tag="040" ind1=" " ind2=" ">
    <subfield code="a">AR-UNSa-BCEJYS</subfield>
    <subfield code="b">spa</subfield>
    <subfield code="c">AR-UNSa-BCEJYS</subfield>
  </datafield>
  <datafield tag="080" ind1=" " ind2=" ">
    <subfield code="a">330.34</subfield>
    <subfield code="x">Desarrollo Econ&#xF3;mico</subfield>
  </datafield>
  <datafield tag="245" ind1="1" ind2="0">
    <subfield code="a">El desarrollo econ&#xF3;mico del tercer mundo</subfield>
  </datafield>
  <datafield tag="020" ind1=" " ind2=" ">
    <subfield code="a">84-206-8119-9</subfield>
  </datafield>
  <datafield tag="264" ind1=" " ind2="1">
    <subfield code="a">Madrid :</subfield>
    <subfield code="b">Alianza Editorial</subfield>
    <subfield code="c">1988</subfield>
  </datafield>
  <datafield tag="300" ind1=" " ind2=" ">
    <subfield code="a">725 p.</subfield>
    <subfield code="c">23 cm.</subfield>
  </datafield>
  <datafield tag="505" ind1=" " ind2=" ">
    <subfield code="a">1. Econom&#xED;a instituciones estudios sobre desarrollo:una perspectiva mundial - 2. Los pa&#xED;ses en v&#xED;as de desarrollo:Caracter&#xED;sticas comunes y estructuras diversas - 3. El significado del desarrollo y sus diversas teor&#xED;as - 4. Crecimiento hist&#xF3;rico y desarrollo contempor&#xE1;neo:lecciones y controversias - 5. Crecimiento pobreza y distribuci&#xF3;n de la renta - 6. El debate sobre poblaci&#xF3;n - 7. La econom&#xED;a de la poblaci&#xF3;n y el desarrollo - 8. Desempleo: resultados, dimensiones y an&#xE1;lisis - 9. Urbanizaci&#xF3;n y migraci&#xF3;n:nacional e internacional - 10. La transformaci&#xF3;n de la agricultura y el desarrollo rural - 11. Educaci&#xF3;n y desarrollo - 12. La teor&#xED;a del comercio y la experiencia del desarrollo - 13. La balanza de pagos y las pol&#xED;ticas comerciales - 14. Inversi&#xF3;n y ayuda exterior: Viejas controversias y nuevas oportunidades - 15. La planificaci&#xF3;n del desarrollo:Teor&#xED;a y pr&#xE1;ctica - 16. La pol&#xED;tica monetaria y la pol&#xED;tica fiscal:las funciones y limitaciones del estado - 17. Temas econ&#xF3;micos mundiales en los a&#xF1;os 80: energ&#xED;a, alimentos, deuda y orden internacional</subfield>
  </datafield>
  <datafield tag="942" ind1=" " ind2=" ">
    <subfield code="c">BK</subfield>
  </datafield>
  <datafield tag="590" ind1=" " ind2=" ">
    <subfield code="a">niveau_biblio:m niveau_hierar:0</subfield>
  </datafield>
  <datafield tag="100" ind1="1" ind2=" ">
    <subfield code="a">Todaro, Michael P.</subfield>
  </datafield>
  <datafield tag="999" ind1=" " ind2=" ">
    <subfield code="c">5243</subfield>
    <subfield code="d">5243</subfield>
  </datafield>
  <datafield tag="952" ind1=" " ind2=" ">
    <subfield code="0">0</subfield>
    <subfield code="1">0</subfield>
    <subfield code="4">0</subfield>
    <subfield code="7">0</subfield>
    <subfield code="a">BCEJYS</subfield>
    <subfield code="b">BCEJYS</subfield>
    <subfield code="c">16</subfield>
    <subfield code="d">2026-04-07</subfield>
    <subfield code="l">0</subfield>
    <subfield code="o">330.34 T633</subfield>
    <subfield code="p">L65131</subfield>
    <subfield code="r">2026-04-07 15:58:09</subfield>
    <subfield code="w">2026-04-07</subfield>
    <subfield code="y">L</subfield>
  </datafield>
  <datafield tag="952" ind1=" " ind2=" ">
    <subfield code="0">0</subfield>
    <subfield code="1">0</subfield>
    <subfield code="4">0</subfield>
    <subfield code="7">0</subfield>
    <subfield code="a">BCEJYS</subfield>
    <subfield code="b">BCEJYS</subfield>
    <subfield code="c">16</subfield>
    <subfield code="d">2026-04-07</subfield>
    <subfield code="l">0</subfield>
    <subfield code="o">330.34 T633</subfield>
    <subfield code="p">L65130</subfield>
    <subfield code="r">2026-04-07 15:58:09</subfield>
    <subfield code="w">2026-04-07</subfield>
    <subfield code="y">L</subfield>
  </datafield>
</record>
